| 000 | 00870pam a2200253 a 4500 | ||
|---|---|---|---|
| 999 |
_c3781 _d3781 |
||
| 003 | OSt | ||
| 005 | 20220210072318.0 | ||
| 008 | 900604s1991 nyua 000 0 eng c | ||
| 020 | _a0827344007 (textbook) | ||
| 040 | _cDLC | ||
| 050 | 1 | 0 |
_aRS57 _b.M45 1990 |
| 060 | _aQV 18 M528p | ||
| 100 | 1 | _aMelson, Kathryn A. | |
| 245 | 1 | 0 |
_aPractice problems for dosage calculations / _cKathryn A. Melson, Marie S. Jaffe. |
| 260 |
_aAlbany, N.Y. : _bDelmar Publishers, _cc1991. |
||
| 300 |
_aiv, 268 p. : _bill. ; _c23 cm. |
||
| 650 | 0 |
_aPharmaceutical arithmetic _xProblems, exercises, etc. |
|
| 650 | 2 |
_aDrugs _xadministration & dosage _xprogrammed instruction. |
|
| 650 | 2 |
_aMathematics _xprogrammed instruction. |
|
| 700 | 1 | _aJaffe, Marie S. | |
| 906 |
_a7 _bcbc _corignew _d1 _eocip _f19 _gy-gencatlg |
||
| 942 |
_2lcc _cBK _nMM |
||